000 01314nam a22003257a 4500
003 OSt
005 20260327144459.0
008 260326t1981 xxu||||| |||| 00| 0 spa d
020 _a968240987X
020 _a0139415912
040 _aUnicoc
_bspa
_c00001
_d00001
082 _a153.93
100 _912755
_aSkinner, Burrhus Frederic
245 _aConducta verbal
_c/ Burrhus Frederic Skinner
250 _a1 Ed.
260 _aMéxico :
_bTrillas ,
_c1981
300 _a509 páginas
_bIlustraciones
440 _912803
_aHoward Rochester Colección
500 _aIncluye Índice
505 _tUnidad 1. Un programa. --
_tUnidad 2. Variables de control. --
_tUnidad 3. Variables múltiples. --
_tUnidad 4. La manipulación de la conducta verbal. --
_tUnidad 5. Producción de la conducta verbal.
526 _5Unicoc
546 _aEspañol
650 0 _910009
_aPsicolingüística
650 0 _99335
_aConducta (Psicología)
650 0 _912804
_aPsicología del lenguaje
650 0 _912805
_aLenguaje
_xAspectos psicológicos
658 0 _910741
_aPrograma de Psicología
856 _uhttps://unicoceduco-my.sharepoint.com/:b:/g/personal/direccionbiblioteca_unicoc_edu_co/IQAWauaZf4rSSbJmmRNGrmopAQruPJVjyFGAJRVOKb_4LfU?e=LVs3ST
_3Acceso online exclusivo para comunidad Unicoc.
942 _2ddc
_cEBOOK
999 _c10787
_d10787